Pokemony typu... #3 - Statystyki

Ogólne statystyki
  • Ten quiz został rozwiązany 86 razy
    62 od ostatniego zresetowania
  • Średni wynik to 33 z 95
Statystyki odpowiedzi
Pokemon % Poprawnych
Caterpie
94%
Metapod
94%
Weedle
94%
Kakuna
92%
Beedrill
90%
Butterfree
90%
Mega Beedrill
88%
Gigantamax Butterfree
80%
Scyther
76%
Mega Pinsir
69%
Mega Scizor
69%
Pinsir
69%
Scizor
69%
Ariados
57%
Spinarak
57%
Venomoth
57%
Wurmple
57%
Heracross
55%
Venonat
55%
Mega Heracross
53%
Cascoon
51%
Paras
51%
Silcoon
51%
Dustox
47%
Parasect
47%
Ledyba
45%
Ledian
43%
Beautifly
39%
Combee
33%
Larvesta
33%
Leavanny
33%
Pineco
33%
Volcarona
33%
Yanma
33%
Volbeat
31%
Forretress
29%
Shuckle
29%
Crustle
27%
Nincada
27%
Scatterbug
27%
Sewaddle
27%
Swadloon
27%
Vikavolt
27%
Yanmega
27%
Illumise
25%
Ninjask
25%
Scolipede
25%
Venipede
25%
Whirlipede
25%
Buzzwole
24%
Charjabug
24%
Genesect
24%
Gigantamax Orbeetle
24%
Kricketot
24%
Mothim
24%
Orbeetle
24%
Wormadam (Piaskowa Osłona)
24%
Wormadam (Roślinna Osłona)
24%
Wormadam (Śmieciowa Osłona)
24%
Burmy (Piaskowa Osłona)
22%
Burmy (Roślinna Osłona)
22%
Burmy (Śmieciowa Osłona)
22%
Durant
22%
Dwebble
22%
Grubin
22%
Kricketune
22%
Surskit
22%
Vespiquen
22%
Dottler
20%
Masquerain
20%
Vivillon
20%
Anorith
18%
Joltik
18%
Pheromosa
18%
Ribombee
18%
Spewpa
18%
Accelgor
16%
Centiskorch
16%
Frosmoth
16%
Gigantamax Centiskorch
16%
Karrablast
16%
Shelmet
16%
Skorupi
16%
Snom
16%
Blipbug
14%
Cutiefly
14%
Escavalier
14%
Golisopod
14%
Araquanid
12%
Dewpider
12%
Galvantula
12%
Shedninja
12%
Wimpod
12%
Arnaldo
2%
Sizzlypede
2%
Nie znaleziono quizów pasujących do podanych kryteriów
Rozkład punktacji
Procent ludzi z każdym wynikiem
Percentyl według liczby udzielonych odpowiedzi
Twoja historia wyników
Nie rozwiązałeś tego quizu od ostatniego zresetowania